Information technology in Africa : (Record no. 6783)
[ view plain ]
| 000 -LEADER | |
|---|---|
| fixed length control field | 00827cam a22002292 4500 |
| 001 - CONTROL NUMBER | |
| control field | 0000004997 |
| 005 - DATE AND TIME OF LATEST TRANSACTION | |
| control field | 20151217151948.0 |
| 008 - FIXED-LENGTH DATA ELEMENTS--GENERAL INFORMATION | |
| fixed length control field | 070605s xx 000 0 eng d |
| 020 ## - INTERNATIONAL STANDARD BOOK NUMBER | |
| International Standard Book Number | 9966410597 : |
| Terms of availability | GBP 18.00 |
| 040 ## - CATALOGING SOURCE | |
| Original cataloging agency | KABU |
| Transcribing agency | KABU |
| 050 #0 - LIBRARY OF CONGRESS CALL NUMBER | |
| Classification number | T58.5 |
| Item number | .W64 |
| 100 1# - MAIN ENTRY--PERSONAL NAME | |
| Personal name | Woherem, Evans E. |
| -- | 0000156048 |
| 245 10 - TITLE STATEMENT | |
| Title | Information technology in Africa : |
| Remainder of title | challenges and opportunities / |
| Statement of responsibility, etc. | Evans E. Woherem. |
| 260 ## - PUBLICATION, DISTRIBUTION, ETC. (IMPRINT) | |
| Place of publication, distribution, etc. | Nairobi : |
| Name of publisher, distributor, etc. | ACTS Press ; |
| Place of publication, distribution, etc. | Maastricht, The Netherlands : |
| Name of publisher, distributor, etc. | RIKS, |
| Date of publication, distribution, etc. | 1993. |
| 300 ## - PHYSICAL DESCRIPTION | |
| Extent | xiii, 180 p. ; |
| Dimensions | 21 cm. |
| 440 #0 - SERIES STATEMENT/ADDED ENTRY--TITLE | |
| Title | ACTS technology policy series |
| Volume/sequential designation | no. 5 ; |
| -- | 0000156049 |
| 650 #0 - SUBJECT ADDED ENTRY--TOPICAL TERM | |
| Topical term or geographic name as entry element | Information technology |
| General subdivision | Social aspects |
| Geographic subdivision | Africa. |
| -- | 0000156050 |
| 908 ## - PUT COMMAND PARAMETER (RLIN) | |
| Put command parameter | 070605 |
| 950 ## - LOCAL HOLDINGS (RLIN) | |
| -- | 1 |
| Withdrawn status | Lost status | Source of classification or shelving scheme | Not for loan | Home library | Current library | Date acquired | Total Checkouts | Full call number | Barcode | Date last seen | Price effective from | Koha item type |
|---|---|---|---|---|---|---|---|---|---|---|---|---|
| Library of Congress Classification | Kabarak, Main Campus | Kabarak, Main Campus | 17/12/2015 | T58.5 .W64 | 007234 | 17/12/2015 | 17/12/2015 | General Collection | ||||
| Library of Congress Classification | Kabarak, Main Campus | Kabarak, Main Campus | 17/12/2015 | T58.5 .W64 | 007235 | 17/12/2015 | 17/12/2015 | General Collection |